Представление документа в формате MARC21

ПолеНазваниеЗначение
  Тип записи a
  Библиографический уровень m
001 Контрольный номер RU/URAIT/588640
005 Дата корректировки 20260429163623.7
008 Кодируемые данные 260429s2026 RU y f j 000 0 rus u
020 Индекс ISBN __
a ISBN 978-5-534-14255-6
c Цена, тираж 529.00
040 Источник каталогиз. __
a Служба первич. каталог. ИКО Юрайт
c Служба, преобразующая запись ИКО Юрайт
e Правила каталог. RCR
041 Код языка издания __
a Код языка текста rus
044 Код страны публикации __
a Код страны публикации RU
080 Индекс УДК __
a Индекс УДК 519.71(075.8)
084 Индекс другой классификации/Индекс ББК __
2 Источник индекса rubbk
a Индекс другой классификации/Индекс ББК 22.18я73
100 Автор __
a Автор Самусевич Г. А.
q Полное имя Самусевич Галина Александровна
245 Заглавие __
a Заглавие Моделирование процессов функционирования СМО
b Продолж. заглавия учебник для вузов
c Ответственность Г. А. Самусевич.
256 Характеристики компьютерного файла __
a Характеристики компьютерного файла Электрон. дан.
260 Выходные данные __
a Место издания Москва
b Издательство Юрайт
c Дата издания 2026
300 Физическое описание __
a Объем 117 с
440 Серия __
a Серия Высшее образование
500 Примечания __
a Примечание URL: https://urait.ru/bcode/588640 (дата обращения: 29.04.2026).
520 Аннотация __
a Аннотация Предлагаемое издание содержит описание теоретического материала, посвященного методам демонстрации процессов функционирования во времени систем массового обслуживания (СМО). Представлены два подхода к формированию моделей СМО: аналитическое и непрерывно-стохастическое моделирование процессов функционирования СМО наглядными (графическими) методам изучения с целью оценить эффективность этих систем. Для обучения студентов специальности «Инфокоммуникационные технологии и системы связи» и студентов специальности «Радиоэлектронные системы и комплексы» подразделения радиоэлектроники и информационных технологий.
538 Прим. о системных особенностях __
a Прим. о системных особенностях Режим доступа: Электронно-библиотечная система Юрайт, для авториз. пользователей
653 Ключевые слова __
a Ключевые слова Дискретная математика и математическая логика
653 Ключевые слова __
a Ключевые слова Математика и статистика
653 Ключевые слова __
a Ключевые слова Системы массового обслуживания
653 Ключевые слова __
a Ключевые слова Моделирование систем массового обслуживания
653 Ключевые слова __
a Ключевые слова Моделирование рабочих процессов автомобиля
856 Электронный адрес документа 40
n Местонахождение сервера Юрайт
g Электронная книга
q Тип электронного формата html
h Имя пользователя ЮРАЙТ
v Часы доступа к ресурсу 20271231
2 Способ доступа Показать документ
x Служебное примечание https://urait.ru/book/cover/5AE55BEC-E229-4798-8FDF-234291242A23
u URL https://urait.ru/bcode/588640
856 Электронный адрес документа 48
q Тип электронного формата cover
u URL https://urait.ru/book/cover/5AE55BEC-E229-4798-8FDF-234291242A23
911 __
u 0030=https://urait.ru/bcode/588640
911 __
u 073a=9785534142556
u 073d=529.00
911 __
u 106a=s
911 __
u 900l=
952 Тип литературы __
i Дисциплина Системы массового обслуживания
952 Тип литературы __
i Дисциплина Моделирование систем массового обслуживания
952 Тип литературы __
i Дисциплина Моделирование рабочих процессов автомобиля